Loading...
| History - American History | 2 | 1 | 0 | 0 | 40 | 51 | 63.67 | 2 | 3 |
| Literature - World Literature | 1 | 2 | 0 | 1 | 35 | 61 | 112.00 | 0 | 2 |
| Fine Arts - Visual Fine Arts | 0 | 3 | 0 | 1 | 30 | 87 | 114.00 | 1 | 3 |
| Fine Arts - Auditory Fine Arts | 2 | 0 | 1 | 0 | 25 | 41 | 46.50 | 0 | 2 |
| History - World History | 1 | 1 | 0 | 1 | 25 | 20 | 71.00 | 1 | 2 |
| Philosophy | 0 | 2 | 0 | 0 | 20 | 78 | 80.50 | 1 | 2 |
| Literature - American Literature | 1 | 1 | 1 | 0 | 20 | 73 | 84.00 | 2 | 2 |
| Social Science | 0 | 2 | 1 | 1 | 15 | 88 | 114.00 | 0 | 2 |
| Literature - British Literature | 1 | 0 | 0 | 0 | 15 | 51 | 51.00 | 0 | 1 |
| Literature - European Literature | 1 | 0 | 0 | 0 | 15 | 55 | 55.00 | 1 | 1 |
| Mythology | 1 | 0 | 1 | 0 | 10 | 70 | 70.00 | 1 | 1 |
| History - European History | 0 | 1 | 0 | 0 | 10 | 89 | 89.00 | 0 | 1 |
| Fine Arts - Other Fine Arts | 0 | 1 | 1 | 1 | 5 | 111 | 111.00 | 0 | 1 |
| Science - Other Science | 0 | 0 | 1 | 0 | -5 | 0.00 | 0 | 0 |